Super Heróis da marvel - Statistics

Estatísticas Gerais
  • Esse quiz foi jogado 1 800 vezes
  • A pontuação média é 9 de 24
Estatísticas das Respostas
Resposta % Correto
Homem de ferro
97%
Capitao America
94%
Hulk
92%
Homem aranha
91%
Thor
89%
Viuva negra
88%
Gaviao arqueiro
73%
Pantera negra
62%
Wolverine
42%
Tocha Humana
26%
Coisa
25%
Mulher invisivel
23%
Demolidor
21%
Professor x
20%
Homem elastico
17%
Luke Cage
8%
Blade
7%
Capitao Marvel
7%
Guardiões da galaxia
5%
Hercules
2%
Inumanos
1%
O justiceiro
1%
Os vingadores
1%
Os defensores
0%
Nenhum quiz correspondente encontrado
Distribuição das Pontuações
Porcentagem de Pessoas com Cada Pontuação
Percentil de Números Respondidos
Sua Pontuação Histórica
Você não jogou esse quiz